000 00940nas a2200313 4500
001 BR0205576
003 BR-BrBNA
005 20231205103359.0
007 ta
008 230509b bl.|||p| |||| 00| 00por d
040 _aBR-BrBNA
_bpor
_cBiblioteca Nacional de Agricultura
041 _a(Pt)
072 _aF02; F06; P35
100 1 _aBlanco, F.F.
100 1 _aFolegatti, M.V.
100 1 _aNogueira, M.C.S.
245 1 _aFertirrigação com água salina e seus efeitos na produção do pepino enxertado cultivado em ambiente protegido
650 _aPEPINO
650 _aESTUFA
650 _aENXERTO
650 _aFERTIRRIGAÇÃO
650 _aSALINIDADE
650 _aÁGUAS SUBTERRÂNEAS
650 _aRENDIMENTO
650 _aSÃO PAULO
773 0 _tHorticultura Brasileira (Brazil)
_xISSN 0102-0536
_g(Sep 2002), v. 20(3) p. 442-446
_wBR0205576
909 _a202311
_bLúcia
_c55
_dLúcia Elande
942 _2AGRIS
_n0
_cANA
999 _c172553
_d172553